000 00713nam a2200205 a 4500
001 000048265
005 20240314175049.0
008 181210s2015 dr r 000 0 spa d
020 _a9789945600001
040 _aDO-SdBNP
_bspa
_cBNPHU
082 _axxxx
_bL817e
100 1 _aLockward, Angel,
_911034
245 1 0 _aExpropiación forzosa en República Dominicana /
_cÁngel Lockward ; prólogo Antonio Medina Calcaño.
260 _aSanto Domingo :
_bSantuario,
_c2015.
300 _a126 p. ;
_c23 cm.
500 _aIncluye datos biográficos del autor en la solapa de la cubierta
504 _aBibliografía : p. 67-69
590 _aInventariado, 2019/BT
700 1 _aMedina Calcaño, Antonio,
_epról.
_975700
999 _c47753
_d47753